000 00343nam a22001337a 4500
008 181106b xxu||||| |||| 00| 0 eng d
020 _a9780721630540
041 _aeng
080 _23 TH
_a610.073
100 _a3
101 _aSHM
245 _aThe Practice Of Nursing Research Cnduct Critique Utilization
_cBurns.N
942 _2udc
_cBK
999 _c51973
_d51973